000
00327nam a2200133Ia 4500
008
240624s9999 xx 000 0 und d
041
_a
eng
082
_a
158.1 SHA
100
_a
SHARMA ROBIN
245
_a
GREATNESS GUIDE
260
_c
2009
_a
Mumbai
_b
Jaico Publishing House
300
_a
221 : p. : cm. ; 21
365
_c
RS
_b
15
999
_c
14595
_d
14595